000 00456nam a2200193Ia 4500
008 101110s9999 xx 000 0 und d
041 _aENGLISH
082 _bSR6937
_a341.47
100 _aPraween
245 _aProblems in Mercantile Law
365 _b4
520 _aCommerce
546 _aENGLISH
630 _aProblems in Mercantile Law
650 _aCommerce
655 _aCommerce
730 _aProblems in Mercantile Law
942 _cBOOK
999 _c802696
_d802693